[Event "GER-chT Schools WK II"]
[Site "Verden an der Aller"]
[Date "2011.05.14"]
[Round "1.2"]
[White "Lindner, Ferdinand"]
[Black "Jung, Marc Alexander"]
[Result "1-0"]
[WhiteElo "1618"]
[BlackElo "1762"]
[PlyCount "65"]
[EventDate "2011.05.14"]
[EventType "team-swiss"]
[EventRounds "7"]
[EventCountry "GER"]
[SourceTitle "EXT 2022"]
[Source "ChessBase"]
[SourceDate "2021.10.06"]
[SourceVersion "1"]
[SourceVersionDate "2021.10.06"]
[SourceQuality "1"]
[WhiteTeam "Erfurt Edith Stein Schule U17"]
[BlackTeam "Hannover Humboldtschule U17"]
[WhiteTeamCountry "GER"]
[BlackTeamCountry "GER"]

1. e4 c5 2. d4 cxd4 3. c3 dxc3 4. Nxc3 Nc6 5. Nf3 d6 6. Bc4 Nf6 7. e5 dxe5 8. Qxd8+ Kxd8 9. Ng5 Nd4 10. 0-0 Bf5 11. Nxf7+ Ke8 12. Nxh8 e6 13. Nb5 Rc8 14. Nxd4 exd4 15. Bb3 Bc5 16. Re1 Ke7 17. Bg5 Rxh8 18. Rac1 Bb6 19. Re5 h6 20. Rce1 hxg5 21. Rxf5 d3 22. Rxe6+ Kd7 23. Re1 d2 24. Rd1 Ne4 25. Bc2 Re8 26. Bxe4 Rxe4 27. Rd5+ Ke6 28. R5xd2 Ke5 29. Kf1 Kf4 30. g3+ Kf5 31. Kg2 g4 32. Rd7 Re2 33. R1d2 1-0

[Event "Niedersachsen-chT U14"]
[Site "Verden an der Aller"]
[Date "2008.05.04"]
[Round "7.3"]
[White "Jung, Marc Alexander"]
[Black "Szczepanski, Kamil"]
[Result "1-0"]
[WhiteElo "1272"]
[BlackElo "1121"]
[PlyCount "101"]
[EventDate "2008.05.01"]
[EventType "team-tourn"]
[EventRounds "7"]
[EventCountry "GER"]
[SourceTitle "EXT 2009"]
[Source "ChessBase"]
[SourceDate "2008.11.26"]
[SourceVersion "1"]
[SourceVersionDate "2008.11.26"]
[SourceQuality "1"]

1. Nf3 c5 2. b3 Nf6 3. Bb2 g6 4. e3 Bg7 5. Be2 0-0 6. 0-0 d5 7. c4 Nc6 8. d4 cxd4 9. Nxd4 e6 10. cxd5 exd5 11. Qc2 Nxd4 12. Bxd4 Bf5 13. Qb2 Bxb1 14. Raxb1 a6 15. Rfd1 Re8 16. Bf3 Re6 17. Bc3 Rd6 18. Be5 Rd7 19. Rbc1 Qf8 20. Bxf6 Bxf6 21. Qxf6 Rad8 22. Qc3 Qe7 23. Qa5 Qe6 24. Rc7 Rxc7 25. Qxc7 Rd7 26. Qa5 Qc6 27. Qd2 Rc7 28. Bxd5 Qc5 29. h3 b6 30. Bf3 Qc2 31. Qxc2 Rxc2 32. Rd6 Rxa2 33. Rxb6 a5 34. Bd5 Ra1+ 35. Kh2 Rd1 36. Bc4 Rb1 37. Rb7 Kg7 38. Rxf7+ Kh6 39. Ra7 Rb2 40. Kg3 Ra2 41. e4 Rd2 42. Rxa5 Kg7 43. e5 Rd8 44. e6 Kf6 45. Ra7 Re8 46. Rf7+ Ke5 47. e7 Kd6 48. Bb5 Rxe7 49. Rxe7 Kxe7 50. Kf4 Kf6 51. h4 1-0

[Event "Niedersachsen-chT U14"]
[Site "Verden an der Aller"]
[Date "2008.05.02"]
[Round "4.3"]
[White "Jung, Marc Alexander"]
[Black "Pfeiffer, Cynthia"]
[Result "1-0"]
[WhiteElo "1272"]
[BlackElo "687"]
[PlyCount "29"]
[EventDate "2008.05.01"]
[EventType "team-tourn"]
[EventRounds "7"]
[EventCountry "GER"]
[SourceTitle "EXT 2009"]
[Source "ChessBase"]
[SourceDate "2008.11.26"]
[SourceVersion "1"]
[SourceVersionDate "2008.11.26"]
[SourceQuality "1"]

1. b3 e5 2. Bb2 Nc6 3. Nf3 d6 4. e3 Nf6 5. Bb5 a6 6. Bxc6+ bxc6 7. d4 exd4 8. Nxd4 c5 9. Nf3 Bb7 10. c4 d5 11. cxd5 Qxd5 12. Qxd5 Bxd5 13. Nc3 Bb7 14. Rc1 Bc6 15. Na4 1-0

[Event "Niedersachsen-chT U14"]
[Site "Verden an der Aller"]
[Date "2008.05.01"]
[Round "1.2"]
[White "Jung, Marc Alexander"]
[Black "Weihs, Lennart"]
[Result "1-0"]
[WhiteElo "1272"]
[BlackElo "948"]
[PlyCount "75"]
[EventDate "2008.05.01"]
[EventType "team-tourn"]
[EventRounds "7"]
[EventCountry "GER"]
[SourceTitle "EXT 2009"]
[Source "ChessBase"]
[SourceDate "2008.11.26"]
[SourceVersion "1"]
[SourceVersionDate "2008.11.26"]
[SourceQuality "1"]

1. b3 d5 2. Bb2 Nc6 3. e3 Bf5 4. Bb5 Qd6 5. Nf3 a6 6. Be5 Qg6 7. Nh4 Qg5 8. Bxc6+ bxc6 9. Nxf5 Qxg2 10. Ng3 h5 11. h4 Nf6 12. Bxf6 gxf6 13. Nc3 Bg7 14. Qe2 f5 15. 0-0-0 e6 16. Rdg1 Qxg1+ 17. Rxg1 a5 18. Nxh5 Bxc3 19. dxc3 a4 20. Ng7+ Ke7 21. h5 axb3 22. cxb3 Rag8 23. Nxf5+ exf5 24. Rxg8 Rxg8 25. h6 Rh8 26. Qh5 Kf6 27. a4 Ke6 28. Qg5 f6 29. Qg7 Rb8 30. Kc2 Rd8 31. h7 Rd7 32. Qg8+ Ke5 33. Qe8+ Kd6 34. h8Q f4 35. Qxf6+ Kc5 36. b4+ Kb6 37. Qb8+ Ka6 38. Qxc6# 1-0

[Event "GER-chT U12"]
[Site "Verden an der Aller"]
[Date "2006.12.28"]
[Round "4.4"]
[White "Jung, Marc Alexander"]
[Black "Plaettner, Stefan"]
[Result "1/2-1/2"]
[WhiteElo "1312"]
[BlackElo "1091"]
[PlyCount "45"]
[EventDate "2006.12.27"]
[EventType "team-swiss"]
[EventRounds "7"]
[EventCountry "GER"]
[SourceTitle "EXT 2008"]
[Source "ChessBase"]
[SourceDate "2007.11.25"]
[SourceVersion "1"]
[SourceVersionDate "2007.11.25"]
[SourceQuality "1"]
[WhiteTeam "Ricklingen U12"]
[BlackTeam "Grossroehrsdorf U12"]
[WhiteTeamCountry "GER"]
[BlackTeamCountry "GER"]

1. d4 d5 2. c4 e6 3. Nc3 Nf6 4. Bg5 Be7 5. e3 0-0 6. Nf3 b6 7. Bd3 Nbd7 8. 0-0 c5 9. cxd5 Nxd5 10. Bxe7 Qxe7 11. Qc2 N7f6 12. Nxd5 exd5 13. Rac1 c4 14. Be2 Be6 15. Ne5 Nd7 16. Nxd7 Qxd7 17. b3 b5 18. Qb2 Rab8 19. b4 Qc7 20. Rc3 Rb7 21. Ra1 Rfb8 22. Bd1 a6 23. a3 1/2-1/2

[Event "GER-chT U12"]
[Site "Verden an der Aller"]
[Date "2006.12.28"]
[Round "3.4"]
[White "Schoepe, Tobias"]
[Black "Jung, Marc Alexander"]
[Result "0-1"]
[WhiteElo "1122"]
[BlackElo "1312"]
[PlyCount "108"]
[EventDate "2006.12.27"]
[EventType "team-swiss"]
[EventRounds "7"]
[EventCountry "GER"]
[SourceTitle "EXT 2008"]
[Source "ChessBase"]
[SourceDate "2007.11.25"]
[SourceVersion "1"]
[SourceVersionDate "2007.11.25"]
[SourceQuality "1"]
[WhiteTeam "Ergolding FC U12"]
[BlackTeam "Ricklingen U12"]
[WhiteTeamCountry "GER"]
[BlackTeamCountry "GER"]

1. e4 c5 2. Nf3 e6 3. d4 cxd4 4. Nxd4 a6 5. Be2 Qc7 6. Be3 b5 7. Qd2 Bb7 8. f3 Nc6 9. Nb3 Nf6 10. Nc5 Bxc5 11. Bxc5 Qe5 12. Qc3 Rc8 13. Qxe5 Nxe5 14. Bd4 Ng6 15. Bxf6 gxf6 16. c3 Rg8 17. g3 d5 18. Nd2 Ke7 19. Kf2 Ne5 20. exd5 Bxd5 21. Ne4 Rgd8 22. Rhd1 f5 23. Nd2 Rd7 24. Nb3 Rd6 25. Rd2 Nc4 26. Bxc4 Rxc4 27. Rad1 Rb6 28. Nd4 Kf6 29. Nc2 Rc5 30. Ne3 Rd6 31. Nxd5+ Rcxd5 32. Rxd5 exd5 33. b3 Ke6 34. Ke3 Ke5 35. f4+ Ke6 36. Kd4 f6 37. Kc5 Rd8 38. Re1+ Kf7 39. Re3 h5 40. Kb6 Rd6+ 41. Kc7 Re6 42. Rxe6 Kxe6 43. Kc6 b4 44. c4 d4 45. c5 d3 46. Kb7 d2 47. c6 d1Q 48. c7 Qd5+ 49. Kb8 Qb5+ 50. Kc8 Kd6 51. h4 Qd7+ 52. Kb8 Qxc7+ 53. Ka8 Kc6 54. a4 Qb7# 0-1

[Event "Niedersachsen-chT U14"]
[Site "Verden"]
[Date "2006.05.28"]
[Round "7.3"]
[White "Jung, Marc Alexander"]
[Black "Bounine, Daniel"]
[Result "0-1"]
[WhiteElo "1228"]
[BlackElo "1089"]
[PlyCount "21"]
[EventDate "2006.05.25"]
[EventType "team-tourn"]
[EventRounds "7"]
[EventCountry "GER"]
[SourceTitle "EXT 2007"]
[Source "ChessBase"]
[SourceDate "2006.11.23"]
[SourceVersion "1"]
[SourceVersionDate "2006.11.23"]
[SourceQuality "1"]

1. d4 d5 2. c4 e6 3. Nc3 Nf6 4. Bg5 Bb4 5. e3 c6 6. a3 Bxc3+ 7. bxc3 Nbd7 8. Nf3 Qa5 9. Qb3 Ne4 10. Rc1 Nxg5 11. cxd5 0-1

[Event "Niedersachsen-ch U12"]
[Site "Rotenburg/Wuemme"]
[Date "2006.04.12"]
[Round "8"]
[White "Watty, Kay"]
[Black "Jung, Marc Alexander"]
[Result "0-1"]
[WhiteElo "1049"]
[BlackElo "1128"]
[PlyCount "44"]
[EventDate "2006.04.08"]
[EventType "swiss"]
[EventRounds "11"]
[EventCountry "GER"]
[SourceTitle "EXT 2007"]
[Source "ChessBase"]
[SourceDate "2006.11.23"]
[SourceVersion "1"]
[SourceVersionDate "2006.11.23"]
[SourceQuality "1"]

1. e4 c5 2. Nf3 e6 3. d4 cxd4 4. Nxd4 Nc6 5. Nc3 Nf6 6. Ndb5 Bb4 7. a3 Bxc3+ 8. Nxc3 d5 9. exd5 exd5 10. g3 0-0 11. Bg2 Re8+ 12. Ne2 h6 13. 0-0 Bg4 14. f3 Qb6+ 15. Kh1 Bf5 16. Nf4 Rad8 17. Nd3 d4 18. g4 Bh7 19. Bf4 Nd5 20. Re1 Bxd3 21. Bg3 Rxe1+ 22. Bxe1 Bh7 0-1

[Event "Niedersachsen-ch U12"]
[Site "Rotenburg/Wuemme"]
[Date "2006.04.12"]
[Round "7"]
[White "Zehe, Marc Kevin"]
[Black "Jung, Marc Alexander"]
[Result "1/2-1/2"]
[WhiteElo "1143"]
[BlackElo "1128"]
[PlyCount "41"]
[EventDate "2006.04.08"]
[EventType "swiss"]
[EventRounds "11"]
[EventCountry "GER"]
[SourceTitle "EXT 2007"]
[Source "ChessBase"]
[SourceDate "2006.11.23"]
[SourceVersion "1"]
[SourceVersionDate "2006.11.23"]
[SourceQuality "1"]

1. c4 e5 2. Nc3 Nf6 3. Nf3 Nc6 4. g3 d5 5. cxd5 Nxd5 6. Bg2 Nb6 7. 0-0 Be7 8. d3 Be6 9. Bd2 0-0 10. a3 a5 11. Be3 f5 12. Bxb6 cxb6 13. e3 Bf6 14. Qe2 Qd7 15. Rfe1 Rad8 16. Rad1 Bb3 17. Rd2 Rf7 18. e4 Nd4 19. Nxd4 exd4 20. Nd5 Bxd5 21. exd5 1/2-1/2

[Event "Niedersachsen-ch U12"]
[Site "Rotenburg/Wuemme"]
[Date "2006.04.10"]
[Round "4"]
[White "Jung, Marc Alexander"]
[Black "Konow, Philipp"]
[Result "1-0"]
[WhiteElo "1128"]
[BlackElo "947"]
[PlyCount "67"]
[EventDate "2006.04.08"]
[EventType "swiss"]
[EventRounds "11"]
[EventCountry "GER"]
[SourceTitle "EXT 2007"]
[Source "ChessBase"]
[SourceDate "2006.11.23"]
[SourceVersion "1"]
[SourceVersionDate "2006.11.23"]
[SourceQuality "1"]

1. d4 d5 2. c4 e6 3. Nc3 Nf6 4. Bg5 c6 5. e3 Nbd7 6. Nf3 Bd6 7. Bd3 dxc4 8. Bxc4 b5 9. Bd3 0-0 10. 0-0 Bb7 11. Ne4 Bb8 12. Qc2 Kh8 13. Rac1 Rg8 14. Rfd1 Qc7 15. Bxf6 gxf6 16. Ng3 f5 17. Qc3 Rg7 18. d5 c5 19. Nh5 Ne5 20. Nxe5 Qxe5 21. Qxe5 Bxe5 22. Nxg7 Kxg7 23. b3 Bxd5 24. Rxc5 Rd8 25. Bxb5 Bd6 26. Rcc1 Kf6 27. f4 Rg8 28. g3 h5 29. Bc4 Bc5 30. Kf2 Be4 31. Bd3 Bxd3 32. Rxd3 Rc8 33. Rdc3 Rd8 34. Rxc5 1-0

[Event "Niedersachsen-ch U12"]
[Site "Rotenburg/Wuemme"]
[Date "2006.04.08"]
[Round "1"]
[White "Schreiner, Till"]
[Black "Jung, Marc Alexander"]
[Result "1/2-1/2"]
[WhiteElo "1516"]
[BlackElo "1128"]
[PlyCount "43"]
[EventDate "2006.04.08"]
[EventType "swiss"]
[EventRounds "11"]
[EventCountry "GER"]
[SourceTitle "EXT 2007"]
[Source "ChessBase"]
[SourceDate "2006.11.23"]
[SourceVersion "1"]
[SourceVersionDate "2006.11.23"]
[SourceQuality "1"]

1. d4 Nf6 2. c4 c5 3. d5 e6 4. Nc3 exd5 5. cxd5 d6 6. e4 g6 7. f4 Bg4 8. Nf3 Nbd7 9. Be2 Bg7 10. 0-0 0-0 11. Be3 Re8 12. Nd2 Bxe2 13. Qxe2 a6 14. a4 Qc7 15. Qf3 Nh5 16. g4 Nhf6 17. Bf2 h5 18. g5 Ng4 19. Kh1 Nxf2+ 20. Rxf2 Rf8 21. Rg2 Rae8 22. Nc4 1/2-1/2